The red horse : a Billy Boyle World War II mystery /

"Just days after the Liberation of Paris, Billy and Kaz are brought to Saint Albans Convalescent Hospital in the English countryside. Kaz has been diagnosed with a heart condition, and Billy is dealing with emotional exhaustion and his recent methamphetamine abuse. Meanwhile, Billy's love,...

Full description

Bibliographic Details
Main Author: Benn, James R. (Author)
Format: Book
Language:English
Published: New York, NY : Soho Press, Inc., [2020]
Series:Benn, James R. Billy Boyle World War II mystery ; 15.
Subjects:

MARC

Tag First Indicator Second Indicator Subfields
LEADER 00000cam a2200000 i 4500
001 in00004350043
008 200403s2020 nyu e 000 1 eng
005 20250318223702.5
010 |a  2020015482 
019 |a 1190717341  |a 1193555932 
020 |a 9781641291002 
020 |a 1641291001  |q hardcover 
020 |z 9781641291019  |q electronic book 
035 |a (OCoLC)on1149335961 
035 |a (OCoLC)1149335961  |z (OCoLC)1190717341  |z (OCoLC)1193555932 
040 |a DLC  |b eng  |e rda  |c DLC  |d FNN  |d OI6  |d HBP  |d OQX  |d IUK  |d NZAUC  |d OCLCF  |d SINLB  |d JTH  |d VP@  |d JTH  |d YDX 
042 |a pcc 
043 |a e-uk-en 
050 0 0 |a PS3602.E6644  |b R43 2020 
082 0 0 |a 813/.6  |2 23 
100 1 |a Benn, James R.,  |e author. 
245 1 4 |a The red horse :  |b a Billy Boyle World War II mystery /  |c James R. Benn. 
264 1 |a New York, NY :  |b Soho Press, Inc.,  |c [2020] 
300 |a 317 pages ;  |c 24 cm. 
336 |a text  |b txt  |2 rdacontent 
337 |a unmediated  |b n  |2 rdamedia 
338 |a volume  |b nc  |2 rdacarrier 
490 1 |a The Billy Boyle mysteries ;  |v 15 
520 |a "Just days after the Liberation of Paris, Billy and Kaz are brought to Saint Albans Convalescent Hospital in the English countryside. Kaz has been diagnosed with a heart condition, and Billy is dealing with emotional exhaustion and his recent methamphetamine abuse. Meanwhile, Billy's love, Diana Seaton, has been taken to Ravensbruck, the Nazi concentration camp for women, and Kaz's sister, Angelika, who he recently learned was alive and working with the Polish Underground, has also been captured and transported to Ravensbruck. This news is brought by (retired) British Major Cosgrove, whose asks Billy for help, unofficially, in solving what he thinks was the murder of a British agent recuperating at Saint Albans. The convalescent hospital is really a secret installation for those in the world of clandestine warfare to recover from wounds, physical and emotional. Some are allowed to leave; others are deemed security risks and are kept in virtual imprisonment. When a second body is found, it is evident that a killer has found his or her way into this high-security enclave"--Provided by publisher. 
650 0 |a Boyle, Billy (Fictitious character)  |v Fiction. 
650 0 |a World War, 1939-1945  |v Fiction. 
650 0 |a Hospitals, Convalescent  |z England  |v Fiction. 
650 0 |a Murder  |x Investigation  |v Fiction. 
651 0 |a England  |v Fiction. 
650 7 |a Boyle, Billy (Fictitious character)  |2 fast  |0 (OCoLC)fst01746196 
650 7 |a Hospitals, Convalescent.  |2 fast  |0 (OCoLC)fst00961585 
650 7 |a Murder  |x Investigation.  |2 fast  |0 (OCoLC)fst01029788 
651 7 |a England.  |2 fast  |0 (OCoLC)fst01219920 
647 7 |a World War  |d (1939-1945)  |2 fast  |0 (OCoLC)fst01180924 
648 7 |a 1939-1945  |2 fast 
655 7 |a Detective and mystery fiction.  |2 fast  |0 (OCoLC)fst01726581 
655 7 |a Fiction.  |2 fast  |0 (OCoLC)fst01423787 
655 7 |a Historical fiction.  |2 fast  |0 (OCoLC)fst01726640 
655 7 |a War fiction.  |2 fast  |0 (OCoLC)fst01922585 
655 7 |a Mystery fiction.  |2 gsafd 
655 7 |a Historical fiction.  |2 lcgft 
655 7 |a Detective and mystery fiction.  |2 lcgft 
655 7 |a War fiction.  |2 lcgft 
800 1 |a Benn, James R.  |t Billy Boyle World War II mystery ;  |v 15. 
852 8 |b pda,print  |z This title is available for the library to purchase for your use. Click the "Purchase It For Me" button to place a request. This item may take 5-10 business days to arrive. 
955 |a Print PDA title 
961 |m 565730 
999 f f |s e1e136c9-7a41-482b-86ee-d2ff3f9734a8  |i 1c49f56a-d60e-3b89-a860-bea58d17c584  |t 0 
952 f f |a Texas A&M University  |b College Station  |c Sterling C. Evans Library  |d Purchase on Demand  |t 0  |e PS3602.E6644 R43 2020  |h Library of Congress classification 
998 f f |a PS3602.E6644 R43 2020  |t 0  |l Purchase on Demand